Histoire - Barons du Gaullisme. - Statistiques

Statistiques générales
  • Ce quiz a été pris 16 fois
  • Le résultat moyen est 3 sur 5
Statistiques - réponses
Hint Réponse % Correct
Ancien premier ministre. A dirigé le groupe de travail de la rédaction de la constitution de la Ve République. Candidat à l'élection présidentielle de 1981. Père d'un ancien président du Conseil constitutionnel. Michel Débré
100%
Ancien maire de Bordeaux. Ancien candidat à l'élection présidentielle de 1974. A porté le projet de la "Nouvelle société". Jacques Chaban-Delmas
92%
Plusieurs fois ministre sous les présidences de Charles de Gaulle, Georges Pompidou et Valéry Giscard d'Estaing. Eest pendant plus de vingt ans président du conseil régional des Pays de la Loire et maire de La Baule. Olivier Guichard
46%
Homme d'affaires. Secrétaire général de l'Élysée aux affaires africaines et malgaches de 1960 à 1974. Son nom est associé à la "Françafrique". Jacques Foccart|Jacques Koch-Foccart
38%
Ministre de l'Intérieur sous Charles de Gaulle, puis président du Conseil constitutionnel de 1974 à 1983. Roger Frey
23%
Aucun quiz correspondant
Distribution des résultats
% des personnes avec chaque résultat
Percentile par nombre de réponses
Votre historique - résultats
Vous n’avez pas pris ce quiz